00564cam a2200193 a 450000500170000000800410001701000140005802000270007203500130009903700130011204000080012508200100013310000190014324500480016226000510021027000480026130000280030950000330033720091107113722.0000504s2000 nik 000 0 eng d aENG-95374 a9788131305720c1995.00 aEN-78907 bDBAD/PUB aDPL a658.3 aPrasad, G.B.S. aHuman Resource Managementcby G.B.S. Prasad aNew DelhibA.P.H. Publishing Corporationc2009 a4435-36/7, Ansari Road ,bNew Delhie110002 axiv, 430p. c22 cm.(Hb) aBibliography ref. & Indexing